Tallest Structures in New Zealand - Statistics

General Stats
  • This quiz has been taken 12 times
  • The average score is 3 of 10
Answer Stats
Height City Structure % Correct
328m Auckland Sky Tower
100%
180m Auckland PWC Tower
50%
172m Auckland Vero Centre
50%
151m Auckland ANZ Centre
38%
178m Auckland The Pacifica
38%
150m Auckland HSBC Tower
25%
155m Auckland Metropolis
25%
125m Auckland Lumley Centre
0%
130m Auckland Oaks Residences
0%
117m Auckland Quay West
0%
No matching quizzes found
Score Distribution
Percent of People with Each Score
Percentile by Number Answered
Your Score History
You have not taken this quiz